Score 0/16 Timer 04:00
0 Plays Today
% Correct
Army
96.1%
Florida
93.1%
What
90.4%
Denmark
88.5%
Vegetables
86.5%
Fencing
85.5%
Numbers
81.6%
United Kingdom
79.7%
% Correct
Discovery
77.6%
Sweet
74.4%
Earth
73.9%
Tall
72.1%
Peter Lawford
71.5%
Nick Carter
65.9%
Religion
52.4%
Physiological
46.7%
Remove Ads.
Support Sporcle.
Get the best of Sporcle when you Go Orange. This ad-free experience offers more features, more stats, and more fun while also helping to support Sporcle. Thank you for becoming a member.

You're not logged in!

Compare scores with friends on all Sporcle quizzes.
OR
Log In

Show Comments

Extras

Top Quizzes Today


Score Distribution

Your Account Isn't Verified!

In order to create a playlist on Sporcle, you need to verify the email address you used during registration. Go to your Sporcle Settings to finish the process.

Report this User

Report this user for behavior that violates our Community Guidelines.

Details: